Atiyah's an introduction to the law of contract / (Record no. 1162)
| 000 -LEADER | |
|---|---|
| fixed length control field | 00795nam a22002297a 4500 |
| 003 - CONTROL NUMBER IDENTIFIER | |
| control field | OSt |
| 005 - DATE AND TIME OF LATEST TRANSACTION | |
| control field | 20140116120847.0 |
| 008 - FIXED-LENGTH DATA ELEMENTS--GENERAL INFORMATION | |
| fixed length control field | 130603b xxu||||| |||| 00| 0 eng d |
| 020 ## - INTERNATIONAL STANDARD BOOK NUMBER | |
| International Standard Book Number | 9780199249411 |
| 050 ## - LIBRARY OF CONGRESS CALL NUMBER | |
| Classification number | KD1554.A86 2006 |
| 100 ## - MAIN ENTRY--PERSONAL NAME | |
| Personal name | Atiyah, P. S. |
| 245 ## - TITLE STATEMENT | |
| Title | Atiyah's an introduction to the law of contract / |
| Statement of responsibility, etc | P. S. Atiyah & Stephen A. Smith. |
| 250 ## - EDITION STATEMENT | |
| Edition statement | 6th ed. |
| 260 ## - PUBLICATION, DISTRIBUTION, ETC. (IMPRINT) | |
| Place of publication, distribution, etc | Oxford: |
| Name of publisher, distributor, etc | Clarendon Press, |
| Date of publication, distribution, etc | 2006. |
| 300 ## - PHYSICAL DESCRIPTION | |
| Extent | xxxviii, 441 p. |
| 440 ## - SERIES STATEMENT/ADDED ENTRY--TITLE | |
| Title | Clarendon Law series |
| 504 ## - BIBLIOGRAPHY, ETC. NOTE | |
| Bibliography, etc | Includes bibliographical references and index. |
| 505 ## - FORMATTED CONTENTS NOTE | |
| Formatted contents note | Formation of Contracts -- The content of the Contract -- Excuses for non-performance -- Enforcement of the Contract. |
| 650 ## - SUBJECT ADDED ENTRY--TOPICAL TERM | |
| Topical term or geographic name as entry element | Contracts |
| Geographic subdivision | Great Britain. |
| 700 ## - ADDED ENTRY--PERSONAL NAME | |
| Personal name | Smith, Stephen A. |
| 942 ## - ADDED ENTRY ELEMENTS (KOHA) | |
| Source of classification or shelving scheme | |
| Koha item type | Book |
| Withdrawn status | Lost status | Source of classification or shelving scheme | Damaged status | Not for loan | Home library | Current library | Date acquired | Total Checkouts | Total Renewals | Full call number | Barcode | Date last seen | Date checked out | Copy number | Price effective from | Koha item type | Shelving location |
|---|---|---|---|---|---|---|---|---|---|---|---|---|---|---|---|---|---|
| Riara University Library | Riara University Library | 03/06/2013 | 25 | 6 | KD1554.A86 2006 | 4165/13 | 30/11/2018 | 30/11/2018 | C.1 | 03/06/2013 | Book | ||||||
| Riara University Library | Riara University Library | 03/06/2013 | 23 | 3 | KD1554.A86 2006 | 4166/13 | 30/11/2018 | 27/04/2016 | C.2 | 03/06/2013 | Book | ||||||
| Riara University Library | Riara University Library | 03/06/2013 | 30 | 5 | KD1554.A86 2006 | 4167/13 | 13/02/2023 | 25/01/2023 | C.3 | 03/06/2013 | Book | ||||||
| Riara University Library | Riara University Library | 03/06/2013 | 14 | KD1554.A86 2006 | 4168/13 | 07/02/2019 | 22/11/2018 | C.4 | 03/06/2013 | Book on Shortloan | Short Loan | ||||||
| Riara University Library | Riara University Library | 03/06/2013 | 26 | 4 | KD1554.A86 2006 | 4169/13 | 26/05/2021 | 04/06/2019 | C.5 | 03/06/2013 | Book | ||||||
| Riara University Library | Riara University Library | 03/06/2013 | 28 | 3 | KD1554.A86 2006 | 4170/13 | 11/06/2019 | 04/06/2019 | C.6 | 03/06/2013 | Book |
